000 00408nam a2200157 a 4500
001 23764
005 20180713221857.0
008 140415s 000 0 spa d
041 _aspa
082 _a294
_bVAS
100 1 _aVasconcelos, José,
_d1882-1959,.
245 1 0 _aESTUDIOS INDOSTANICOS.
260 _a[s.l.] :
_bSATURNINO CALLEJA,.
300 _a445.
650 1 4 _aRELIGION
_xINDIA
999 _c23764
_d23764